El estado garante: idea y realidad
Saved in:
| Main Author: | |
|---|---|
| Format: | Unknown |
| Language: | English Spanish |
| Published: |
Madrid, España
Instituto Nacional de Administración Pública. INAP.
2015
|
| Edition: | Primera edición |
| Series: | Serie Innovación Administrativa
|
| Subjects: | |
| Tags: |
Add Tag
No Tags, Be the first to tag this record!
|
MARC
| LEADER | 00000 a2200000 4500 | ||
|---|---|---|---|
| 003 | CL-VaPUC | ||
| 005 | 20240826144511.0 | ||
| 008 | 200116b ||||| |||| 00| 0 eng d | ||
| 999 | |c 376064 |d 376062 | ||
| 020 | |a 978847351443 | ||
| 040 | |c Pontificia Universidad Católica de Valparaíso | ||
| 041 | 0 | |a spa | |
| 082 | |a 349.3 EST 2015 | ||
| 100 | 1 | |a Esteve Pardo, José |9 604979 | |
| 245 | 1 | 3 | |a El estado garante: |b idea y realidad |
| 250 | |a Primera edición | ||
| 260 | 3 | |b Instituto Nacional de Administración Pública. INAP. |c 2015 |a Madrid, España | |
| 300 | |a 111 p | ||
| 490 | 0 | 0 | |a Serie Innovación Administrativa |
| 505 | 0 | |a Primera parte. La formación de la idea del estado garante como respuesta a la crisis de sostenibilidad del estado social. 1. El estado social en la encrucijada. El problema de su sostenibilidad. 2. ¿Cómo se hizo el estado social? El Estado y la administración prestacional como medio de realización. 3. Las transformaciones derivadas de una nueva relación entre Estado y sociedad. 4. Las nuevas teorías y concepciones en sintonía con el Estado garante. 5. El Estado garante más allá de una alternativa al Estado prestacional. Segunda parte. Las realizaciones efectivas del modelo. 6. Plantemiento. 7. La administración garante. 8. La garantía de los intereses generales. La extensión del Derecho público a particulares que ejercen funciones públicas. 9. La ley como garantía fundamental de los intereses generales. Administración garante y principio de legalidad. 10. Bibliografía. | |
| 583 | |k Hugo Gaete |c 20200116 | ||
| 650 | 0 | 0 | |a GARANTISMO |9 439479 |
| 650 | 0 | 0 | |a Teoría del Estado |9 255507 |
| 942 | |2 ddc |c BK | ||
| 952 | |0 0 |1 0 |2 ddc |4 0 |6 349_300000000000000_EST_2015 |7 0 |9 495239 |a BIBDER |b BIBDER |d 2019-12-27 |e 36 |g 8473.00 |i 5568528 |l 1 |m 1 |o 349.3 EST 2015 |p 5568528 |q 2025-05-12 |r 2025-04-25 |s 2025-04-25 |t 1 |v 8473.00 |w 2019-12-27 |y BK |k DER | ||